Escenarios
সংরক্ষণ করুন:
| বিন্যাস: | পাঠ্য |
|---|---|
| ট্যাগগুলো: |
ট্যাগ যুক্ত করুন
কোনো ট্যাগ নেই, প্রথমজন হিসাবে ট্যাগ করুন!
|
MARC
| LEADER | 00000 a a2200000 04500 | ||
|---|---|---|---|
| 001 | 17544 | ||
| 003 | |||
| 040 | |||
| 245 | |a Escenarios | ||
| 773 | |g número 46; páginas 721 | ||
| 999 | |c 26570 |d 26570 | ||
